| 000 -LEADER |
| fixed length control field |
01921cam a22004694a 4500 |
| 001 - CONTROL NUMBER |
| control field |
14994275 |
| 003 - CONTROL NUMBER IDENTIFIER |
| control field |
NUST |
| 005 - DATE AND TIME OF LATEST TRANSACTION |
| control field |
20220519144903.0 |
| 008 - FIXED-LENGTH DATA ELEMENTS--GENERAL INFORMATION |
| fixed length control field |
070905s2008 dcu 001 0 eng |
| 010 ## - LIBRARY OF CONGRESS CONTROL NUMBER |
| LC control number |
2007035694 |
| 020 ## - INTERNATIONAL STANDARD BOOK NUMBER |
| International Standard Book Number |
9781555814274 (alk. paper) |
| 020 ## - INTERNATIONAL STANDARD BOOK NUMBER |
| International Standard Book Number |
1555814271 (alk. paper) |
| 035 ## - SYSTEM CONTROL NUMBER |
| System control number |
(OCoLC)ocn170203105 |
| 035 ## - SYSTEM CONTROL NUMBER |
| System control number |
(OCoLC)170203105 |
| Canceled/invalid control number |
(OCoLC)166372898 |
| 038 ## - RECORD CONTENT LICENSOR |
| Staff Name |
Arshad |
| 040 ## - CATALOGING SOURCE |
| Original cataloging agency |
DLC |
| Transcribing agency |
DLC |
| Modifying agency |
YDX |
| -- |
BAKER |
| -- |
BTCTA |
| -- |
HHO |
| -- |
CYB |
| -- |
YDXCP |
| -- |
DLC |
| 050 00 - LIBRARY OF CONGRESS CALL NUMBER |
| Classification number |
QR56 |
| Item number |
.R598 2008 |
| 082 00 - DEWEY DECIMAL CLASSIFICATION NUMBER |
| Classification number |
616.9041 |
| Author Mark |
ROT |
| 100 1# - MAIN ENTRY--PERSONAL NAME |
| Personal name |
Rotbart, Harley A. |
| 9 (RLIN) |
7586 |
| 245 10 - TITLE STATEMENT |
| Title |
Germ proof your kids : |
| Remainder of title |
the complete guide to protecting (without overprotecting) your family from infections / |
| Statement of responsibility, etc. |
Harley A. Rotbart. |
| 260 ## - PUBLICATION, DISTRIBUTION, ETC. |
| Place of publication, distribution, etc. |
Washington, DC : |
| Name of publisher, distributor, etc. |
ASM Press, |
| Date of publication, distribution, etc. |
2008. |
| 300 ## - PHYSICAL DESCRIPTION |
| Extent |
xiii, 380 p. ; |
| Dimensions |
26 cm. |
| 500 ## - GENERAL NOTE |
| General note |
Includes index. |
| 505 0# - FORMATTED CONTENTS NOTE |
| Formatted contents note |
Introduction: The germ theory versus my mom's theory -- Worthy enemies -- Weapons in the war -- Wear your boots in the rain -- Wisdom of the ages. |
| 563 ## - BINDING INFORMATION |
| Binding note |
PBK |
| 650 #0 - SUBJECT ADDED ENTRY--TOPICAL TERM |
| Topical term or geographic name entry element |
Microbiology |
| Form subdivision |
Popular works. |
| 650 #0 - SUBJECT ADDED ENTRY--TOPICAL TERM |
| Topical term or geographic name entry element |
Infection |
| Form subdivision |
Popular works. |
| 9 (RLIN) |
7588 |
| 650 #0 - SUBJECT ADDED ENTRY--TOPICAL TERM |
| Topical term or geographic name entry element |
Hygiene. |
| 9 (RLIN) |
7589 |
| 650 #2 - SUBJECT ADDED ENTRY--TOPICAL TERM |
| Topical term or geographic name entry element |
Microbiology |
| Form subdivision |
Popular Works. |
| 650 #2 - SUBJECT ADDED ENTRY--TOPICAL TERM |
| Topical term or geographic name entry element |
Communicable Diseases |
| General subdivision |
microbiology |
| Form subdivision |
Popular Works. |
| 9 (RLIN) |
7591 |
| 650 #2 - SUBJECT ADDED ENTRY--TOPICAL TERM |
| Topical term or geographic name entry element |
Bacterial Infections |
| Form subdivision |
Popular Works. |
| 9 (RLIN) |
7592 |
| 650 #2 - SUBJECT ADDED ENTRY--TOPICAL TERM |
| Topical term or geographic name entry element |
Virus Diseases |
| Form subdivision |
Popular Works. |
| 9 (RLIN) |
7593 |
| 650 #2 - SUBJECT ADDED ENTRY--TOPICAL TERM |
| Topical term or geographic name entry element |
Infection Control |
| Form subdivision |
Popular Works. |
| 9 (RLIN) |
7594 |
| 650 #2 - SUBJECT ADDED ENTRY--TOPICAL TERM |
| Topical term or geographic name entry element |
Immunity |
| Form subdivision |
Popular Works. |
| 9 (RLIN) |
7595 |
| 650 #2 - SUBJECT ADDED ENTRY--TOPICAL TERM |
| Topical term or geographic name entry element |
Hygiene |
| Form subdivision |
Popular Works. |
| 9 (RLIN) |
7596 |
| 650 #2 - SUBJECT ADDED ENTRY--TOPICAL TERM |
| Topical term or geographic name entry element |
Pediatrics |
| Form subdivision |
Popular Works. |
| 9 (RLIN) |
7597 |
| 650 #2 - SUBJECT ADDED ENTRY--TOPICAL TERM |
| Topical term or geographic name entry element |
Child. |
| 9 (RLIN) |
5537 |
| 856 41 - ELECTRONIC LOCATION AND ACCESS |
| Materials specified |
Table of contents only |
| Uniform Resource Identifier |
<a href="http://www.loc.gov/catdir/toc/ecip0726/2007035694.html">http://www.loc.gov/catdir/toc/ecip0726/2007035694.html</a> |
| 906 ## - LOCAL DATA ELEMENT F, LDF (RLIN) |
| a |
7 |
| b |
cbc |
| c |
orignew |
| d |
1 |
| e |
ecip |
| f |
20 |
| g |
y-gencatlg |
| 942 ## - ADDED ENTRY ELEMENTS (KOHA) |
| Source of classification or shelving scheme |
|
| Koha item type |
Book |